Tradičné a moderné prístupy k hodnoteniu výkonnosti vybraného obchodného podniku diplomová práca

Gespeichert in:
Bibliographische Detailangaben
1. Verfasser: Vaško, Adam
Körperschaft: Podnikovohospodárska fakulta EU so sídlom v Košiciach. Katedra finančného riadenia podniku
Weitere Verfasser: Kudlová, Zuzana, 1986-
Format: Buch
Sprache:Slowakisch
Veröffentlicht: Košice 2024
Tags: Tag hinzufügen
Keine Tags, Fügen Sie das erste Tag hinzu!

MARC

LEADER 00000nbm a2200000 4500
001 0301373
005 20250911142417.8
041 0 |a slo 
044 |a SK 
245 1 0 |a Tradičné a moderné prístupy k hodnoteniu výkonnosti vybraného obchodného podniku  |b diplomová práca  |c Adam Vaško ; školiteľ: Zuzana Kudlová 
264 1 |a Košice  |c 2024 
300 |a 69 s. 
100 1 |a Vaško, Adam 
700 1 |a Kudlová, Zuzana, 1986- 
710 2 |a Podnikovohospodárska fakulta EU so sídlom v Košiciach. Katedra finančného riadenia podniku